000 01328nam0a22002771 4500
001 rc\3551047
005 20250610035413.0
021 _aRU
_b[74-76852]
035 _a(NLR Aleph) 007675087
090 _a6476854
_c6476854
100 _a20130115d1974 |||y0rusy50 ca
101 0 _arus
102 _aRU
105 _aa z |||||
200 1 _aТезисы докладов
_fНауч. совет по неорг. химии АН СССР. Иван. хим.-технол. ин-т. М-во высш. и сред. спец. образования РСФСР. 3 Всесоюз. симпозиум по кинетике и механизму реакций с участием комплексных соединений. 9-13 сент. 1974 г.
210 _aИваново
_cБ. и.
_d1974
215 _a145 с.
_cчерт.
_d19
320 _aАвт. указ.: с. 140-145
320 _aСписки лит. в конце докл.
606 _aКомплексные соединения
_jТезисы докладов
_2psbo
710 1 2 _aВсесоюзный симпозиум по кинетике и механизму реакций комплексных соединений (3; 1974; Иваново)
801 0 _aRU
_bNLR
_gpsbo
801 1 _aRU
_bELAR
_2rusmarc
852 _aNLR
_j74-3/3449
942 _cBOOK
980 _aNB